<?xml version="1.0" encoding="UTF-8"?>
<marc:record xmlns:marc="http://www.loc.gov/MARC21/slim">
   <marc:leader>00000nam a2200000 a 4500</marc:leader>
   <marc:datafield ind1=" " ind2=" " tag="653">
      <marc:subfield code="a">ab 4 Jahre</marc:subfield>
   </marc:datafield>
   <marc:datafield ind1=" " ind2=" " tag="653">
      <marc:subfield code="a">Lexikon</marc:subfield>
   </marc:datafield>
   <marc:datafield ind1=" " ind2=" " tag="653">
      <marc:subfield code="a">Kinderlexikon</marc:subfield>
   </marc:datafield>
   <marc:datafield ind1="0" ind2="0" tag="245">
      <marc:subfield code="a">Mein großes Kinderlexikon</marc:subfield>
   </marc:datafield>
   <marc:datafield ind1="0" ind2="0" tag="245">
      <marc:subfield code="b">300 Seiten mit über 1000 farbigen Bildern</marc:subfield>
   </marc:datafield>
   <marc:datafield ind1=" " ind2="1" tag="264">
      <marc:subfield code="a">Köln</marc:subfield>
      <marc:subfield code="b">Inter</marc:subfield>
      <marc:subfield code="c">1991</marc:subfield>
   </marc:datafield>
   <marc:datafield ind1="1" ind2=" " tag="520">
      <marc:subfield code="a">Das Lexikon für Kinder im Vorschulalter und  in den ersten Grundschuljahren.&lt;br/&gt;- Mit über 300 Themen, mit Begriffen, die für    diese Altersgruppe erarbeitet wurden.&lt;br/&gt;- Mit über 1000 kindgerechten Illustrationen,    die die Themen anschaulich erklären.&lt;br/&gt;- Die Begriffe sind klar und einfach darge-&lt;br/&gt;  stellt. Die Schrift ist groß und gut les-&lt;br/&gt;  bar. Der Informationsgehalt ist hoch, denn    auf verwandte Begriffe wird im Text hinge-&lt;br/&gt;  wiesen.&lt;br/&gt;- Dieses Lexikon fördert den natürlichen    Lerneifer von Kindern in der Altersgruppe      von 4 bis 10 Jahren, einen Lernstadium, das    richtig unterstützt werden muß.&lt;br/&gt; </marc:subfield>
   </marc:datafield>
   <marc:datafield ind1=" " ind2=" " tag="041">
      <marc:subfield code="a">ger</marc:subfield>
   </marc:datafield>
   <marc:datafield ind1="1" ind2=" " tag="521">
      <marc:subfield code="a">0</marc:subfield>
   </marc:datafield>
   <marc:datafield ind1=" " ind2=" " tag="300">
      <marc:subfield code="a">296 S.</marc:subfield>
   </marc:datafield>
</marc:record>
